U.S. State Rhymes - Statistics

General Stats
  • This quiz has been taken 752 times
    750 since last reset
  • The average score is 6 of 14
Answer Stats
Rhyme State % Correct
Avocado Colorado
81%
Nexus Texas
73%
Sane Maine
72%
Roaming Wyoming
65%
Unlucky Kentucky
64%
Nebraska Alaska
55%
Disagree Tennessee
40%
Panorama Alabama
38%
Barcelona Arizona
36%
Grand Jury Missouri
26%
Solitaire Delaware
23%
Johnson Wisconsin
19%
Unemploy Illinois
18%
Indiana Louisiana
17%
No matching quizzes found
Score Distribution
Percent of People with Each Score
Percentile by Number Answered
Your Score History
You have not taken this quiz since the last reset